| 000 | 01329cam a2200361 a 4500 | ||
|---|---|---|---|
| 001 | 12371200 | ||
| 003 | OSt | ||
| 005 | 20230622153926.0 | ||
| 008 | 010227s1996 ke a b 000 0 eng | ||
| 010 | _a 00379591 | ||
| 020 | _a9966900896 | ||
| 035 | _a(DLC) 00379591 | ||
| 040 |
_aDLC _cDLC |
||
| 042 | _alcode | ||
| 043 | _ad------ | ||
| 082 |
_a330 _bDOS |
||
| 100 | 1 | _aDostie, Benoît. | |
| 245 | 1 | 0 |
_aMarket structure and trade policy in developing countries : _ba general equilibrium approach / _cBenoît Dostie, John Cockburn, and Bernard Decaluwé. |
| 260 |
_aNairobi : _bAfrican Economic Research Consortium, _cc1996. |
||
| 300 |
_a50 p. : _bill. ; _c25 cm. |
||
| 440 | 0 |
_aAERC special paper ; _v24 |
|
| 500 | _a"November 1996." | ||
| 504 | _aIncludes bibliographical references (p. 38-43). | ||
| 650 | 0 |
_aFree trade _zDeveloping countries _xEconometric models. |
|
| 650 | 0 |
_aIndustrial organization (Economic theory) _xEconometric models. |
|
| 650 | 0 |
_aCompetition _xEconometric models. |
|
| 651 | 0 |
_aDeveloping countries _xCommercial policy _xEconometric models. |
|
| 700 | 1 | _aCockburn, John. | |
| 700 | 1 | _aDecaluwé, Bernard. | |
| 906 |
_a7 _bcbc _corigode _d3 _encip _f20 _gy-gencatlg |
||
| 942 |
_2ddc _cBK |
||
| 999 |
_c2370 _d2370 |
||